Isometries of weighted Bergman-Privalov spaces on the unit ball of Cn /

Сохранить в:
Библиографические подробности
Главный автор: Matsugu, Yasuo.
Другие авторы: Ueki, Sei-Ichiro.
Формат: Статья
Язык:English
Предметы:
Метки: Добавить метку
Нет меток, Требуется 1-ая метка записи!
Thư viện lưu trữ: Thư viện Trường Đại học Đà Lạt
LEADER 00848nam a2200277 4500
001 DLU090078036
005 ##20090608
040 # # |a DLU  |b eng 
041 # # |a eng 
044 # # |a JP 
100 # # |a Matsugu, Yasuo.  
245 # # |a Isometries of weighted Bergman-Privalov spaces on the unit ball of Cn /  |c Yasuo Matsugu, Sei-Ichiro Ueki. 
653 # # |a Bergman spaces 
653 # # |a F-algebras 
653 # # |a Holomorphic functions 
700 # # |a Ueki, Sei-Ichiro.  
773 # # |t Journal of the Mathematical Society of Japan  |g Vol. 54, no. 2 (April 2002), p. 341-347  
920 # # |a Phòng Tạp chí -- Trung tâm Thông tin - Thư viện Trường Đại học Đà Lạt 
994 # # |a DLU 
900 # # |a True 
911 # # |a Trương Bảo Trâm Anh 
925 # # |a G 
926 # # |a A 
927 # # |a BB 
980 # # |a Thư viện Trường Đại học Đà Lạt